| 000 | 00748cam a2200253 4500 | ||
|---|---|---|---|
| 001 | B915 | ||
| 008 | 090401t1987 xxu||||| |||| 00| 0 eng d | ||
| 035 | _a(Sirsi) u38683 | ||
| 041 | _aeng | ||
| 050 | _a634.92025 | ||
| 090 | _aRICS 1987/21ABCD | ||
| 110 |
_aRoyal Institution of Chartered Surveyors _94900 |
||
| 245 | _aForestry and woodland management list | ||
| 260 |
_aLondon _bRoyal Institution of Chartered Surveyors _c1987 |
||
| 300 | _a16p. ; 21cm. | ||
| 350 | _a3.3 | ||
| 520 | _aDirectory of RICS members practising in forestry and woodland management. | ||
| 650 | _aABOUT RICS-RICS MEMBERS | ||
| 650 | _aDIRECTORIES | ||
| 650 | _aFORESTRY CONSULTANTS | ||
| 650 | _aFORESTRY MANAGEMENT | ||
| 942 | _n0 | ||
| 948 | _c04/03/1997 | ||
| 999 |
_c90684 _d90684 |
||